Ben-Hur

Novela histórica, gira en torno al príncipe judío Ben-Hur, y como su vida pasa de la riqueza a la desgracia debido a un accidente, en el cual está involucrado su amigo de infancia Messala, por el cual Ben-Hur será arrestado y tiempo más tarde buscará venganza. La obra escrita en 1880 por Lewis Walla...

Celý popis

Uloženo v:
Podrobná bibliografie
Hlavní autor: Wallace, Lewis
Médium: Kniha
Jazyk:Undetermined
Vydáno: Roma, Italia Biblioteca Económica Newton 2005
Témata:
Tagy: Přidat tag
Žádné tagy, Buďte první, kdo vytvoří štítek k tomuto záznamu!

MARC

LEADER 00000nam a2200000Ia 4500
008 170316s9999 xx 000 0 und d
040 |a cru BVZT 
090 |a 850 W-1b 
100 |a Wallace, Lewis  |9 864 
245 |a Ben-Hur  |c / Lewis Wallace 
260 |a Roma, Italia  |b Biblioteca Económica Newton  |c 2005 
300 |a 495 páginas 
520 |a Novela histórica, gira en torno al príncipe judío Ben-Hur, y como su vida pasa de la riqueza a la desgracia debido a un accidente, en el cual está involucrado su amigo de infancia Messala, por el cual Ben-Hur será arrestado y tiempo más tarde buscará venganza. La obra escrita en 1880 por Lewis Wallace, ha sido considerada por los críticos una de las narraciones cristianas más influyentes y exitosas de la historia, incluso se ha llevado el relato al mundo teatral y cinematográfico. 
650 |a LITERATURA ITALIANA  |9 212 
650 |a EN IDIOMA ITALIANO  |9 865 
650 |a NOVELA HISTÓRICA  |9 214 
650 |a BEN HUR  |9 866 
999 |c 8231  |d 8231 
942 |c 15 D  |h 850 W-1b  |2 z